Get the Picture: Television Animals Quiz Stats

 Plays Quiz Updated May 9, 2019

Score 0/15 Timer 02:00
0 Plays Today
Question Answer Wrong Answers
Scooby-Doo
Scooby-Doo, Where Are You!
Dog
95.3%
Cat
0.5%
Horse
0.5%
Lassie
Lassie
Dog
93.8%
Cat
0.9%
Horse
1.5%
Salem
Sabrina, the Teenage Witch
Cat
92.5%
Dog
2%
Horse
1.5%
Silver
The Lone Ranger
Horse
92.1%
Dog
2.1%
Cat
1.4%
Brian Griffin
Family Guy
Dog
89.2%
Cat
5.5%
Horse
1.5%
Mister Ed
Mister Ed
Horse
86.9%
Dog
4.3%
Cat
4.4%
Snowball II
The Simpsons
Cat
85.9%
Dog
9.3%
Horse
1.3%
Eddie
Frasier
Dog
83.9%
Cat
8.1%
Horse
3.8%
Trigger
The Roy Rogers Show
Horse
82.8%
Dog
8.1%
Cat
4.5%
Toonces
Saturday Night Live
Cat
70.2%
Dog
16.8%
Horse
9.2%
Krypto
Smallville
Dog
65.4%
Cat
23%
Horse
7.3%
Pokey
The Gumby Show
Horse
62.4%
Dog
19.2%
Cat
13.8%
Lucky
ALF
Cat
62.3%
Dog
30.1%
Horse
3.6%
Li'l Sebastian
Parks and Recreation
Horse
38.2%
Dog
28.5%
Cat
28.7%
Spot
Star Trek: The Next Generation
Cat
32.8%
Dog
61.8%
Horse
1.7%

Today's Daily Dose

Missing Word
Celine Dion

Word Ladder
Dr. Seuss Books

Quick Pick
Cities in India

Get the Picture
'A' Actresses

You're not logged in!

Compare scores with friends on all Sporcle quizzes.
OR
Log In

Sporcle TV

Today on Sporcle TV


Watch our educational content, quiz creation guides, and fun videos on Sporcle TV.

Show Comments

Extras

Top Quizzes Today


Score Distribution

Your Account Isn't Verified!

In order to create a playlist on Sporcle, you need to verify the email address you used during registration. Go to your Sporcle Settings to finish the process.

Report this User

Report this user for behavior that violates our Community Guidelines.

Details: